Transformácia vodární a kanalizácií

Z obsahu: Vo vodárňach a kanalizáciách sa odštátňuje majetok za 19 miliárd korún. Slovensko nezaostáva len za vyspelými ale aj za susednými štátmi. Domácnosti majú regulované, ostatní odberatelia zmluvné ceny vody. Slovenské obce dostanú majetok, do ktorého v minulosti nemálo investovali. Majetok vo...

Full description

Saved in:
Bibliographic Details
Main Author: Janků, Jana
Other Authors: Velecký, Milan
Format: Book
Language:Slovak
Subjects:
Tags: Add Tag
No Tags, Be the first to tag this record!

MARC

LEADER 00000nam a2200000 4500
001 r030582
005 20230921083351.9
041 0 |a slo 
044 |a SK 
245 1 0 |a Transformácia vodární a kanalizácií  |c Jana Janků, Milan Velecký 
520 |a Z obsahu: Vo vodárňach a kanalizáciách sa odštátňuje majetok za 19 miliárd korún. Slovensko nezaostáva len za vyspelými ale aj za susednými štátmi. Domácnosti majú regulované, ostatní odberatelia zmluvné ceny vody. Slovenské obce dostanú majetok, do ktorého v minulosti nemálo investovali. Majetok vodární a kanalizácií získali ako prvé v SR obce v okrese Trenčín. Nové zákony sa dostanú pred poslancov až po parlamentných voľbách. 
610 2 0 |a vodárenstvo 
610 2 0 |a voda 
610 2 0 |a kanalizácia 
610 2 0 |a ceny 
610 2 0 |a majetok 
610 2 0 |a majetok štátny 
610 2 0 |a obce 
610 2 0 |a zákony 
610 2 0 |a Slovensko 
100 1 |a Janků, Jana 
700 1 |a Velecký, Milan